000 00950nam a2200253 4500
003 OSt
005 20220531084011.0
008 210325b ||||| |||| 00| 0 eng d
020 _a978-9945-608-11-3
040 _aDO-SdBNP
_bspa
_cBNPHU
082 4 _aPR863.5
_bS235d
_222
100 1 _aSantiago Torres, Alinaluz,
_d1956-
_930226
245 0 1 _aDenuncias de luz /
_cAlinaluz Santiago Torre.
260 _aSan Juan :
_bIsla Negra,
_c2018.
300 _a62 p. ;
_c21 cm.
490 1 _aEl rostro y la máscara
500 _aIncluye datos biográficos de autora en la solapa de la cubierta
505 _aBeraka --
_tExilio --
_t Retirada --
_tCacerolas --
_tGirasoles --
_tEsencias --
_tLuto --
_tPret-a-Porter --
_tRedundancias.
590 _aInventariado 2021/Saquino
650 4 _aCuentos Puertorriqueños
_978294
650 0 _aLiteratura Puertorriqueña
_96540
910 _aSaquino/Validado. Control de calidad MFF
942 _2ddc
_cLBS1
999 _c49701
_d49701